000 00504nam a22001937a 4500
003 CEME
005 20210628204051.0
008 210111b xxu||||| |||| 00| 0 eng d
020 _a9780470973875
040 _cceme
082 _a519.5 CLA
100 _aClarke, G.M , Cooke, D
_968556
245 _aA basic course in statistics
250 _a5TH
260 _aINDIA
_bJOHN WILEY & SONS
_c2004
300 _aXXV, 734P
650 _aSTATISTICS.STATISTICS-A BASIC COURSE IN
_968557
942 _cBK
_2ddc
999 _c576102
_d576102